Artificial General Intelligence (Record no. 1848622)

MARC details
000 -LEADER
fixed length control field 00410 a2200145 4500
000 - LEADER
fixed length control field nam a22 7a 4500
005 - DATE AND TIME OF LATEST TRANSACTION
control field 20260428171125.0
020 ## - INTERNATIONAL STANDARD BOOK NUMBER
International Standard Book Number 9780262549349
100 ## - MAIN ENTRY--PERSONAL NAME
Personal name Julian Togelius
9 (RLIN) 1235923
245 ## - TITLE STATEMENT
Title Artificial General Intelligence
260 ## - PUBLICATION, DISTRIBUTION, ETC.
Name of publisher, distributor, etc. The MIT Press
Date of publication, distribution, etc. 2024
440 ## - SERIES STATEMENT/ADDED ENTRY--TITLE
Title The MIT Press Essential Knowledge
9 (RLIN) 1235924
490 ## - SERIES STATEMENT
Series statement The MIT Press Essential Knowledge
942 ## - ADDED ENTRY ELEMENTS (KOHA)
Koha item type Textual
Holdings
Withdrawn status Lost status Source of classification or shelving scheme Damaged status Not for loan Home library Current library Date acquired Source of acquisition Cost, normal purchase price Inventory number Total Checkouts Barcode Date last seen Cost, replacement price Price effective from Koha item type
    Colon Classification (CC)   Ordered South Campus Library South Campus Library 2026-04-28 4 1320.54 235 & 29/01/2026   SC1692293 2026-04-28 1650.68 2026-04-28 Textual
Copyright @ Delhi University Library System